000 00281nam a2200109Ia 4500
008 201231s9999 xx 000 0 und d
100 _aSrinivas, M. N.
245 0 _aIndian Society Through Personal Writings
260 _aDelhi
_bOxford University Press
300 _a245
942 _cBK
999 _c9453
_d9453